Fiber Optics Communications (Record no. 183162)

000 -LEADER
fixed length control field 00380nam a2200133Ia 4500
008 - FIXED-LENGTH DATA ELEMENTS--GENERAL INFORMATION
fixed length control field 220217s9999||||xx |||||||||||||| ||und||
020 ## - INTERNATIONAL STANDARD BOOK NUMBER
International Standard Book Number 9788131715888
082 ## - DEWEY DECIMAL CLASSIFICATION NUMBER
Classification number 621.382 75 KOL
100 ## - MAIN ENTRY--PERSONAL NAME
Personal name Kolimbiris, Harold
9 (RLIN) 2653
245 #0 - TITLE STATEMENT
Title Fiber Optics Communications
260 ## - PUBLICATION, DISTRIBUTION, ETC.
Place of publication, distribution, etc. Pearson education
Name of publisher, distributor, etc. Noida
Date of publication, distribution, etc. 2004
300 ## - PHYSICAL DESCRIPTION
Extent xiv;649+CD
Other physical details 625
650 ## - SUBJECT ADDED ENTRY--TOPICAL TERM
Topical term or geographic name entry element OPTICAL COMMUNICATION
Holdings
Withdrawn status Lost status Damaged status Not for loan Collection code Home library Current library Shelving location Date acquired Full call number Barcode Date last seen Price effective from Koha item type
        Electronics and Communication Engineering Central Library Central Library Reference 02/18/2022 621.382 75 KOL 18351 02/18/2022 02/18/2022 Books

Powered by Koha